01668cam a2200373 i 4500001001000000003000900010005001700019008004100036020002500077040004100102082002400143100004600167245010400213250001900317264005600336300004700392336002600439337002800465338002700493500002400520504005200544610007600596650004700672650006400719650007300783650008700856650009400943651001001037653004401047655001701091942001201108999001701120952015701137016453750EG-ScBUE20240229110443.0130527s2013 enka f bd 001 0 eng d a9781107676756 (pbk.) aStDuBDSbengerdacStDuBDSdEG-ScBUE04a940.548641222bGRE1 aGrey, Christopher,d1964-eauthor.93924210aDecoding organization :bBletchley Park, codebreaking and organization studies /cChristopher Grey. 3First edition. 1aCambridge, UK :bCambridge University Press,c2013. axviii, 322 pages :billustrations ;c23 cm 2rdacontentatextbtxt aunmediated2rdamediabn avolumebnc2rdacarrier aIncludes glossary.  aIncludes bibliographical references and index. 17aGreat Britain.bGovernment Communications HeadquartersxHistory.2BUEsh 7aWorld War, 1939-1945xCryptography.2BUEsh 7aWorld War, 1939-1945xSecret servicezGreat Britain.2BUEsh 7aWorld War, 1939-1945xElectronic intelligencezGreat Britain.2BUEsh 7aIntelligence servicexSocial aspectszGreat BritainxHistoryy20th century.2BUEsh 7aWorld War, 1939-1945zEnglandzBletchley (Buckinghamshire)xHistoryy20th century.2BUEsh 2BUEsh bBUSADMbBUSBOLcAugust2015cJanuary2016 vReading book 2ddccBB c20438d20410 00102ddc40708BaccahaMAINbMAINc2NDd2015-08-03ePurchaseg336.00h21758l0o940.548641 GREp000039020r2025-07-15 00:00:00v420.00w2015-08-03yBB